Statistics for Cincinnati Open Champions

Click here to take the quiz!

General Stats

  • This quiz has been taken 6 times
  • The average score is 34 of 55

Answer Stats

YearWinner% Correct
2021Alexander Zverev
100%
2019Daniil Medvedev
100%
2016Marin Čilić
100%
2023Novak Djokovic
100%
2020Novak Djokovic
100%
2018Novak Djokovic
100%
1997Pete Sampras
100%
1999Pete Sampras
100%
1992Pete Sampras
100%
2007Roger Federer
100%
2005Roger Federer
100%
2012Roger Federer
100%
2009Roger Federer
100%
2010Roger Federer
100%
2014Roger Federer
100%
2015Roger Federer
100%
2004Andre Agassi
83%
1995Andre Agassi
83%
1996Andre Agassi
83%
2008Andy Murray
83%
2011Andy Murray
83%
2017Grigor Dimitrov
83%
2013Rafael Nadal
83%
2003Andy Roddick
67%
2006Andy Roddick
67%
2001Gustavo Kuerten
67%
1972Jimmy Connors
67%
1981John McEnroe
67%
1987Stefan Edberg
67%
1990Stefan Edberg
67%
1985Boris Becker
50%
2022Borna Ćorić
50%
1973Ilie Năstase
50%
1982Ivan Lendl
50%
1978Eddie Dibbs
33%
1977Harold Solomon
33%
1980Harold Solomon
33%
1970Ken Rosewall
33%
1988Mats Wilander
33%
1983Mats Wilander
33%
1984Mats Wilander
33%
1986Mats Wilander
33%
1994Michael Chang
33%
1993Michael Chang
33%
1998Patrick Rafter
33%
1971Stan Smith
33%
2000Thomas Enqvist
33%
1989Brad Gilbert
17%
2002Carlos Moyá
17%
1991Guy Forget
17%
1976Roscoe Tanner
17%
1969Cliff Richey
0%
1974Marty Riessen
0%
1979Peter Fleming
0%
1975Tom Gorman
0%

Score Distribution

Percentile by Number Answered

Percent of People with Each Score

Your Score History

You have not taken this quiz